|
|
|
|
| LEADER |
00000nam0a2200000 4500 |
| 001 |
213861 |
| 005 |
20260407161135.0 |
| 010 |
|
|
|a 9785389013964
|
| 035 |
|
|
|a (RuTPU)RU\TPU\book\233696
|
| 090 |
|
|
|a 213861
|
| 100 |
|
|
|a 20120418d2011 m y0rusy50 ca
|
| 101 |
1 |
|
|a rus
|c eng
|
| 102 |
|
|
|a RU
|
| 105 |
|
|
|a y z 000ay
|
| 200 |
1 |
|
|a Завтрак у Тиффани
|e [18+]
|e [НЕЗАКОННОЕ ПОТРЕБЛЕНИЕ НАРКОТИЧЕСКИХ СРЕДСТВ, ПСИХОТРОПНЫХ ВЕЩЕСТВ, ИХ АНАЛОГОВ ПРИЧИНЯЕТ ВРЕД ЗДОРОВЬЮ, ИХ НЕЗАКОННЫЙ ОБОРОТ ЗАПРЕЩЁН И ВЛЕЧЕТ УСТАНОВЛЕННУЮ ЗАКОНОДАТЕЛЬСТВОМ ОТВЕТСТВЕННОСТЬ]
|e повесть: пер. с англ.
|f Т. Капоте
|
| 210 |
|
|
|a СПб.
|c Азбука
|d 2011
|
| 215 |
|
|
|a 160 с.
|
| 225 |
1 |
|
|a Экранизированная классика
|
| 330 |
|
|
|a Трумен Капоте, автор таких бестселлеров, как "Хладнокровное убийство", "Летний круиз", "Другие голоса, другие комнаты" и "Луговая арфа", входит в число крупнейших американских прозаиков XX века. Вниманию читателя предлагается самое знаменитое его произведение, прославленное в 1961 году экранизацией с Одри Хепберн в главной роли, сыгравшей главную героиню повести Холли Голайтли, одну из самых ярких и необычных женщин американской литературы. Эксцентричную, полную жизни Холли влечет к себе мир богатых людей, сверкающий яркими огнями бриллиантовых колье. Руководствуясь в своих поступках лишь голосом сердца, сочетая детскую наивность с чарующим обаянием настоящей женщины, она как бы воплощает в себе саму сущность Нью-Йорка — города, в котором мечты лежат на расстоянии вытянутой руки, отгороженные блестящими стеклами пленяющих взгляды витрин.
|
| 610 |
1 |
|
|a американская литература
|
| 610 |
1 |
|
|a психологическая проза
|
| 610 |
1 |
|
|a повести
|
| 675 |
|
|
|a 82
|v 3
|
| 700 |
|
1 |
|a Капоте
|b Т.
|g Трумен
|
| 801 |
|
1 |
|a RU
|b 63413507
|c 20120418
|
| 801 |
|
2 |
|a RU
|b 63413507
|c 20120427
|g RCR
|
| 830 |
|
|
|a *изданиеподлежащеемаркировке
|
| 942 |
|
|
|c BK
|